Baby dolphin's first day (Record no. 583)
[ view plain ]
| 000 -LEADER | |
|---|---|
| fixed length control field | 00879nam a22002537a 4500 |
| 005 - DATE AND TIME OF LATEST TRANSACTION | |
| control field | 20230627113849.0 |
| 020 ## - INTERNATIONAL STANDARD BOOK NUMBER | |
| International Standard Book Number | 9780545496711 |
| 040 ## - CATALOGING SOURCE | |
| Original cataloging agency | FISKH |
| Language of cataloging | eng |
| 050 ## - LIBRARY OF CONGRESS CALL NUMBER | |
| Classification number | QL737.C |
| 082 ## - DEWEY DECIMAL CLASSIFICATION NUMBER | |
| Classification number | 599.53 |
| 100 ## - MAIN ENTRY--PERSONAL NAME | |
| Personal name | Roop, Peter |
| 245 ## - TITLE STATEMENT | |
| Title | Baby dolphin's first day |
| 260 ## - PUBLICATION, DISTRIBUTION, ETC. | |
| Place of publication, distribution, etc. | New York : |
| Name of publisher, distributor, etc. | Scholastic. |
| Date of publication, distribution, etc. | 2011. |
| 300 ## - PHYSICAL DESCRIPTION | |
| Extent | 32 pages : |
| Dimensions | 23 cm |
| 505 ## - FORMATTED CONTENTS NOTE | |
| Formatted contents note | E |
| 520 ## - SUMMARY, ETC. | |
| Summary, etc. | What does a baby dolphin do on the day it is born? He swims, he whistles, he jumps, he naps, he escapes a shark, and he follows his mother through the beautiful blue sea. This easy reader brings children along on his new adventures and teaches them about these highly intelligent animals! |
| 521 ## - TARGET AUDIENCE NOTE | |
| Target audience note | 310 <br/><br/> |
| Source | Lexile |
| 521 ## - TARGET AUDIENCE NOTE | |
| Target audience note | E <br/> |
| Source | Raz-Plus |
| 650 ## - SUBJECT ADDED ENTRY--TOPICAL TERM | |
| Topical term or geographic name entry element | Dolphins |
| 700 ## - ADDED ENTRY--PERSONAL NAME | |
| Personal name | Roop, Connie |
| Relator term | Author |
| 942 ## - ADDED ENTRY ELEMENTS (KOHA) | |
| Source of classification or shelving scheme | Library of Congress Classification |
| Koha item type | Books |
| Suppress in OPAC | No |
| 999 ## - | |
| -- | 583 |
| -- | 583 |
| Withdrawn status | Lost status | Source of classification or shelving scheme | Damaged status | Not for loan | Collection | Home library | Current library | Shelving location | Date acquired | Total Checkouts | Full call number | Barcode | Date last seen | Date last checked out | Copy number | Price effective from | Koha item type |
|---|---|---|---|---|---|---|---|---|---|---|---|---|---|---|---|---|---|
| Dewey Decimal Classification | Non-Fiction | Footprints International School Library Network Toul Kork Campus | Footprints International School Library Network Toul Kork Campus | TK Primary Library Room(4th Floor), Bookcase 7, Shelves 57-60, Dark Green Books | 06/19/2023 | 3 | ROO 599.53 QL737.C | FISBK05568 | 06/10/2024 | 05/16/2024 | 1 | 06/19/2023 | Books | ||||
| Dewey Decimal Classification | Non-Fiction | Footprints International School Library Network Toul Kork Campus | Footprints International School Library Network Toul Kork Campus | TK Primary Library Room(4th Floor), Bookcase 7, Shelves 57-60, Dark Green Books | 06/19/2023 | ROO 599.53 QL737.C | FISTK03631 | 06/26/2023 | 2 | 06/19/2023 | Books |
